000 01255nam a2200313 i 4500
003 EG-GICUC
005 20260121101730.0
008 260114s1990 ua ||||f |||| 00| 0 ara d
040 _a EG-GICUC
_bara
_c EG-GICUC
_d EG-GICUC
_erda
041 _aara
082 0 4 _221
_a345.6931
_bم ح . ت
092 0 4 _221
099 _aLaw1 07 345.6931 م ح . ت 1990
100 0 _aمحمد عبد العال السناري
_eمؤلف.
245 1 0 _aتطور مبدأ المشروعية من الفردية الشكلية إلى الموضوعية والمذهبية :
_bدراسة مقارنة /
_cدكتور محمد عبد العال السناري .
264 1 _aالقاهرة :
_bدار النهضة العربية ،
_c1990 .
300 _a477 ؛ صفحة
_c24 سم
336 _2rda content
_atext
337 _2rda media
_aComputer
338 _2rda carrier
_aOnline Resource
504 _a. 477-464 ببليوجرافيا: صفحات.
504 _aيشتمل على إرجاعات ببليوجرافية
650 1 4 _aموازنات مبدأ المشروعية
_2qrmak
650 1 4 _aالقانون الإداري
651 1 _2qrmak
856 4 0 _uhttps://fll.law.cu.edu.eg/fulltext/bks/B07-02912.pdf
905 _a61
942 _2ddc
_cBK
_e21
_n0
999 _c57210
_d57210